Statistics for Houseki No Kuni Characters (SPOILERS!)

Click here to take the quiz!

General Stats

  • This quiz has been taken 183 times
  • The average score is 30 of 45

Answer Stats

ColorHintAnswer% Correct
BlackStrongest gemBort
98%
Mint-GreenThe main characterPhosphophyllite
95%
Multi-colored(?)Beautiful and hardness 10Diamond
93%
BlueCan change colorsAlexandrite
92%
YellowThe fast elderYellow Diamond
92%
GreenThe "Chairman"Jade
91%
BlueTheir head was given to PhosLapis Lazuli
91%
Red and YellowDocRutile
89%
WhiteOnly comes out during the winterAntarcticite
86%
RedHas mercuryCinnabar
86%
N/AThe leader of the gemsKongo-Sensei
85%
PurpleThere's two of themAmethyst Twins
84%
WhiteBecame a "wife" to a LunarianCairngorm
82%
RedUnconscious most of the timePadparadscha
82%
OrangeFormerly partnered with BortZircon
82%
RedFashionRed Beryl
81%
White or GreyThe outer shell of another gemGhost Quartz
80%
GreenPaperPeridot
78%
Blue and WhiteSecretaryEuclase
77%
PinkThe first gem that spoke in the mangaMorganite
75%
BlackMakes the weaponsObsidian
75%
RedThe FirstRed Diamond
69%
N/ALeader of the LunariansAechmea
65%
SilverA gem taken by the Lunarians then a second version of it emerged years laterGoshenite
65%
BlueOne of the gems that went to the moonBenitoite
64%
RedA former partner of Yellow DiamondRuby
64%
N/AMoon DoggoShiro
64%
Yellow or OrangePartnered with PeridotSphene
63%
Green and PinkHemimorphite's partnerWatermelon Tourmaline
61%
PurpleBenitoite's (former) partnerNeptunite
60%
BlueA former partner of Yellow DiamondSapphire
58%
GreenA Former partner of Yellow DiamondGreen Diamond
53%
PinkSea Snail/Slug(?)Ventricosus
51%
YellowThe gems thought the Lunarians were using this gem's shards in their weaponsHeliodor
49%
YellowFormer partner of AlexandriteChrysoberyl
43%
N/AA lunarian that met Phos and went to Earth with themCicada
42%
PinkA former partner of Yellow DiamondPink Topaz
42%
Yellow or OrangeFormer partner of SpheneTopaz
42%
BlackSea snail's brotherAculeatus
38%
N/A"Tech Supervisor"Barbata
37%
BlueFormer partner of PeridotBlue Zoisite
36%
BlueThey used to have a different partner but got a new oneHemimorphite
34%
Unknown (manga)New Admirabilis leaderVariegatus
25%
N/ALunarian fashion designerQuieta
24%
N/ALunarian fashion designer's studentKima
19%

Score Distribution

Percentile by Number Answered

Percent of People with Each Score

Your Score History

You have not taken this quiz